000 00658cam a22002175a 4500
001 15789977
003 OSt
005 20150408114021.0
008 090624s2009 mau 000 0 eng
010 _a 2009931380
020 _a9780674035669 (alk. paper)
040 _aDLC
_cDLC
082 _221
_a620.5
100 1 _aFrankel, Felice C.
_911822
245 1 0 _aNo small matter :
_bscience on the nanoscale /
_cFelice C. Frankel, George M. Whitesides.
260 _aCambridge, MA :
_bBelknap Press of Harvard University Press,
_c2009.
263 _a0910
300 _ap. cm.
942 _2ddc
_cBOOK
999 _c22069
_d256569